000 00830 a2200277 4500
001 200001377
650 0 0 _9103571
_aPower resources
_zTurkey
_xTurkey
650 0 0 _942382
_aEnergy policy
_zTurkey
999 _c200001377
_d29796
003 TR-AnTOB
005 20210211090824.0
008 110224s2010 tu 000 0 d
020 _a9789944899536
040 _aTR-AnTOB
041 _atur
050 1 4 _aHD9502.T92
_bT875 2010
090 _aHD9502.T92 T875 2010
245 0 0 _aTürkiye'nin enerji görünümü :
_boda raporu
264 1 _aAnkara :
_bTMMOB,
_c2010.
300 _aiii,111 p. :
_btbl. , grf.;
_c24 cm.
490 0 _aMMO
_v2010/528
504 _aIncludes bibliographical references (p.111)
650 0 7 _aGüç kaynakları
_zTürkiye
_2etuturkob
_973716
650 0 0 _aEnerji politikası
_zTürkiye
_9103574
942 _cBK